Whose right to fight enforcement action? (Record no. 65441)
[ view plain ]
| 000 -LEADER | |
|---|---|
| fixed length control field | 01357cam a2200229 4500 |
| 001 - CONTROL NUMBER | |
| control field | ABS63209 |
| 008 - FIXED-LENGTH DATA ELEMENTS--GENERAL INFORMATION | |
| fixed length control field | 000000n2000 000 0 eng u |
| 035 ## - SYSTEM CONTROL NUMBER | |
| System control number | (Sirsi) u109621 |
| 100 ## - MAIN ENTRY--PERSONAL NAME | |
| Personal name | Scott, J |
| 245 ## - TITLE STATEMENT | |
| Title | Whose right to fight enforcement action? |
| 260 ## - PUBLICATION, DISTRIBUTION, ETC. | |
| Date of publication, distribution, etc. | 2000 |
| 490 ## - SERIES STATEMENT | |
| Series statement | Planning (for the Natural and Built Environment) |
| Volume/sequential designation | (1395) 17 November 2000, 22(1) |
| 520 ## - SUMMARY, ETC. | |
| Summary, etc. | Considers the complexity surrounding who has the right to appeal against an enforcement notice. The Town and Country Planning Act 1990 s174(1) provides a right to appeal for a person with interest in the land or a relevant occupier. If a number of parties lodge an appeal, only one will suffice. In domestic residence it is relatively simple to identify who will appeal, however, confusion arises when a property is owned or occupied by a company. Discusses the recent case of "Buckinghamshire CC v SoS Environment and Brown", highlighting the difficulties faced by the company boss, John Brown, to convince the court he was qualified to bring the appeal under his name. |
| 590 ## - LOCAL NOTE (RLIN) | |
| Local note | ABS |
| 650 ## - SUBJECT ADDED ENTRY--TOPICAL TERM | |
| Topical term or geographic name entry element | ENFORCEMENT NOTICES |
| 650 ## - SUBJECT ADDED ENTRY--TOPICAL TERM | |
| Topical term or geographic name entry element | BUCKINGHAMSHIRE CC V SOS ENVIRONMENT AND BROWN |
| 650 ## - SUBJECT ADDED ENTRY--TOPICAL TERM | |
| Topical term or geographic name entry element | TOWN AND COUNTRY PLANNING ACT 1990 S174 |
| 650 ## - SUBJECT ADDED ENTRY--TOPICAL TERM | |
| Topical term or geographic name entry element | RIGHT OF APPEAL |
| 650 ## - SUBJECT ADDED ENTRY--TOPICAL TERM | |
| Topical term or geographic name entry element | PLANNING APPEALS |
| 690 ## - LOCAL SUBJECT ADDED ENTRY--TOPICAL TERM (OCLC, RLIN) | |
| Topical term or geographic name as entry element | Planning and development |
| 9 (RLIN) | 6259 |
| 942 ## - ADDED ENTRY ELEMENTS (KOHA) | |
| Suppress in OPAC | 0 |
| Withdrawn status | Lost status | Source of classification or shelving scheme | Damaged status | Not for loan | Home library | Current library | Shelving location | Date acquired | Total Checkouts | Full call number | Barcode | Date last seen | Copy number | Price effective from | Koha item type |
|---|---|---|---|---|---|---|---|---|---|---|---|---|---|---|---|
| Dewey Decimal Classification | London | London | Journal article | 30/11/2000 | ABS63209 | 109621-1001 | 06/08/2019 | 1 | 06/08/2019 | Journal article |